| 000 | 00586nam a22001937a 4500 | ||
|---|---|---|---|
| 005 | 20170804170816.0 | ||
| 010 | _aENG-119202 | ||
| 020 |
_a9788175418141 _c295.00 |
||
| 035 | _aEN-102734 | ||
| 037 | _bDBAD/PUB | ||
| 082 | _a362 | ||
| 100 | _aSinha, A.K. | ||
| 245 |
_aEmpowering communication skills / _cby A.K. Sinha |
||
| 260 |
_aDelhi _bShipra Publications _c2016 |
||
| 270 |
_aLG 18-19, Pankaj Central Market,I.P.Ext. Patparganj _bDelhi _e110092 |
||
| 300 |
_axiii,282p. _c24cm(pbk) |
||
| 500 | _aIncludes references and index | ||
| 942 |
_2ddc _cEN _mSIN _h362 |
||
| 999 |
_c142475 _d142475 |
||